The Smiths - There is a Light That Never Goes Out Lyrics - Statistics

General Stats
  • This quiz has been taken 1,068 times
  • The average score is 260 of 314
Answer Stats
Answer % Correct
I
100%
a
99%
the
98%
to
97%
To
97%
And
96%
and
96%
and
96%
out
96%
go
93%
is
93%
tonne
93%
your
93%
in
92%
never,
92%
never
92%
there
91%
There
91%
if
89%
me
89%
us
89%
by
88%
die
88%
light
87%
side
87%
side,
87%
Take
87%
take
87%
tonight
87%
bus
86%
crashes
84%
into
84%
it
84%
way
84%
want
83%
home
82%
home,
82%
heavenly
81%
ten
81%
truck
81%
Because
80%
car
80%
car,
80%
double-decker
80%
such
80%
both
79%
of
79%
people
79%
don't
78%
kills
78%
mine
78%
La-dee-dum,
77%
pleasure,
77%
oh,
76%
"Oh
76%
Oh,
76%
Oh-oh,
76%
oh-oh-oh
76%
Driving
74%
goes
74%
my
74%
no
74%
see
73%
music
70%
Where
70%
there's
69%
it's
68%
privilege
68%
one
67%
please
67%
well,
67%
got
66%
not
66%
more
65%
care,
64%
care
64%
haven't
64%
anymore
63%
their
63%
anywhere
61%
I'm
61%
welcome
61%
young
58%
drop
57%
alive
55%
they're
51%
at
44%
come
43%
last"
43%
chance
41%
just
41%
God,
40%
has
40%
then
40%
couldn't
39%
thought
39%
strange
38%
tonne
38%
But
37%
ask
36%
darkened
35%
underpass
35%
fear
34%
gripped
32%
lights
27%
No matching quizzes found
Score Distribution
Percent of People with Each Score
Percentile by Number Answered
Your Score History
You have not taken this quiz